| Tag |
First Indicator |
Second Indicator |
Subfields |
| LEADER |
00000cam a2200000 4500 |
| 001 |
in00000054171 |
| 005 |
20151008051431.0 |
| 008 |
770718s1938 nyu b 00000 eng |
| 010 |
|
|
|a 39001223
|
| 035 |
|
|
|a (OCoLC)03124071
|
| 035 |
|
|
|9 AAG7861AM
|
| 040 |
|
|
|a DLC
|c OCP
|d TXA
|d UtOrBLW
|
| 049 |
|
|
|a TXAM
|c [191407]
|
| 050 |
|
0 |
|a HB236.I8
|b M5 1938
|
| 082 |
0 |
|
|a 338.50945
|
| 092 |
|
|
|a 338.50945
|b M648p
|
| 100 |
1 |
|
|a Miller, Henry Siefke,
|d 1901-
|
| 245 |
1 |
0 |
|a Price control in fascist Italy /
|c by Henry Siefke Miller.
|
| 264 |
|
1 |
|a New York,
|b [publisher not identified] ;
|c 1938.
|
| 300 |
|
|
|a 2 pages ., 7-146 pages including tables, diagrams ;
|c 22 cm.
|
| 336 |
|
|
|a text
|b txt
|2 rdacontent
|
| 337 |
|
|
|a unmediated
|b n
|2 rdamedia
|
| 338 |
|
|
|a volume
|b nc
|2 rdacarrier
|
| 500 |
|
|
|a Issued also as thesis (PH. D.) Columbia university.
|
| 504 |
|
|
|a Bibliography: pages 142-144.
|
| 650 |
|
0 |
|a Prices
|z Italy.
|
| 999 |
|
|
|a MARS
|
| 999 |
f |
f |
|s d944d72f-3108-3bb4-9225-10986929cc46
|i 35b13045-43a6-31ec-9fcf-60e43f964e6a
|t 0
|
| 952 |
f |
f |
|p ric
|a Texas A&M University
|b Rellis Campus
|c Joint Library Facility
|d Remote Storage
|t 0
|e HB236.I8 M5 1938
|h Library of Congress classification
|i unmediated -- volume
|m A14800767829
|
| 998 |
f |
f |
|a HB236.I8 M5 1938
|t 0
|l Remote Storage
|